000 00281nam a22001337a 4500
008 171013b xxu||||| |||| 00| 0 eng d
020 _a9780735203341
041 _aeng
080 _a316
100 _a51
101 _aSOC
245 _aHOW TO SAY IT
_cMAGGIO,R
942 _2udc
_cBK
999 _c33754
_d33754